[Event "I Olimpiada Mercosur 2009"]
[Site "Mar del Plata ARG"]
[Date "2009.06.22"]
[Round "3.13"]
[White "Leitao, Rafael"]
[Black "Lafuente, Pablo"]
[Result "1-0"]
[WhiteElo "2590"]
[BlackElo "2517"]
[PlyCount "97"]
[EventDate "2009.06.18"]
[EventType "team"]
[EventRounds "7"]
[EventCountry "ARG"]
[Source "lmi"]
[SourceDate "2009.06.19"]

1. d4 Nf6 2. c4 e6 3. Nf3 d5 4. Nc3 Bb4 5. Qa4+ Nc6 6. e3 O-O 7. a3 Bxc3+ 8.
bxc3 dxc4 9. Bxc4 Bd7 10. Qd1 Na5 11. Bd3 Bc6 12. c4 Be4 13. Bxe4 Nxe4 14. Qd3
Ng5 15. Nd2 f6 16. O-O b6 17. Bb2 Qd7 18. a4 Rad8 19. Bc3 Nb7 20. a5 Rfe8 21.
axb6 axb6 22. Ra7 Qc6 23. h4 Nf7 24. Qe4 Qxe4 25. Nxe4 Nfd6 26. Nd2 Ra8 27.
Raa1 Ra7 28. Rxa7 Rb8 29. g4 Nc8 30. Raa1 Nbd6 31. Kg2 Kf7 32. e4 Ne7 33. f4
Rd8 34. Kf3 Nc6 35. d5 Ne7 36. Ra6 exd5 37. cxd5 Nb5 38. Bb2 h5 39. gxh5 f5 40.
Re1 fxe4+ 41. Nxe4 Nf5 42. Ng5+ Kg8 43. Ne6 Rxd5 44. Ke4 c6 45. Ra8+ Kf7 46.
Nd8+ Ke7 47. Nxc6+ Kd6 48. Be5+ Kxc6 49. Kxf5 1-0

[Event "I Olimpiada Mercosur 2009"]
[Site "Mar del Plata ARG"]
[Date "2009.06.22"]
[Round "3.36"]
[White "Donatti, Sofia"]
[Black "Estrada, Lucia"]
[Result "0-1"]
[WhiteElo "1749"]
[BlackElo "1887"]
[PlyCount "86"]
[EventDate "2009.06.18"]
[EventType "team"]
[EventRounds "7"]
[EventCountry "ARG"]
[Source "lmi"]
[SourceDate "2009.06.19"]

1. e4 e6 2. d4 d5 3. Nc3 Bb4 4. Bd3 Ne7 5. Nf3 Nd7 6. O-O h6 7. exd5 exd5 8.
Bf4 Nf6 9. Ne5 Be6 10. Qf3 c6 11. Ne2 Bd6 12. h3 Qc7 13. c4 dxc4 14. Nxc4 Bxf4
15. Nxf4 Bxc4 16. Bxc4 O-O 17. Rfe1 Rad8 18. Rad1 Ned5 19. Nxd5 cxd5 20. Bb3
Rd7 21. Rc1 Qa5 22. Re5 Qd2 23. Qc3 Qxc3 24. Rxc3 a6 25. Rc5 Rfd8 26. Kf1 Kf8
27. f3 g6 28. Ke2 Re7 29. Kd3 Nd7 30. Rexd5 Nxc5+ 31. Rxc5 Red7 32. d5 Ke7 33.
Kd4 Kd6 34. Rc2 Re7 35. Ba4 Re5 36. Bb3 Rde8 37. Kd3 Re3+ 38. Kd4 Re2 39. Kd3
R8e3+ 40. Kd4 Rxc2 41. Bxc2 Re2 42. Bb3 Rxg2 43. Ke3 Kd7 0-1

[Event "I Olimpiada Mercosur 2009"]
[Site "Mar del Plata ARG"]
[Date "2009.06.24"]
[Round "5.24"]
[White "Smith, Dolorier"]
[Black "Lima, Darcy"]
[Result "0-1"]
[WhiteElo "2218"]
[BlackElo "2499"]
[PlyCount "66"]
[EventDate "2009.06.18"]
[EventType "team"]
[EventRounds "7"]
[EventCountry "ARG"]
[Source "lmi"]
[SourceDate "2009.06.19"]

1. e4 e5 2. Nf3 Nc6 3. Bb5 Nge7 4. O-O Ng6 5. d4 exd4 6. Nxd4 Bc5 7. Be3 Bxd4
8. Bxd4 Qg5 9. Bxc6 bxc6 10. f4 Nxf4 11. Qf3 Ne6 12. Qxf7+ Kd8 13. Qf2 Rf8 14.
Be3 Qh5 15. Qe1 Rxf1+ 16. Qxf1 Ke7 17. Nc3 a5 18. Re1 Ba6 19. Qf5 g6 20. Qxh5
gxh5 21. Bf2 Rf8 22. Re3 d6 23. Rf3 Bb7 24. Be3 d5 25. Rxf8 Kxf8 26. Na4 d4 27.
Bd2 c5 28. Bxa5 Ke8 29. c3 Bxe4 30. b4 d3 31. Kf2 c4 32. Nb2 Bd5 33. Ke3 Kd7
0-1